000 00286nam a2200109 4500
008 160704b xxu||||| |||| 00| 0 eng d
100 _91991
_a Varma, B.G
245 _aGreat Institutions
260 _aN.D
_b Children Book Trust
_c2000
300 _aGreat Institutions
942 _2ddc
_cBK
999 _c1692
_d1692